00406nam a2200193Ia 4500003000900000008004100009040001300050040001300063041000800076100001800084245002400102250001100126260001200137260000900149300001100158300001000169490002600179490000700205IT-RoPAU120407s9999 xx 000 0 und d aIT-RoPAU cIT-RoPAU aita aHermann Hesse aSiddharta. 5a ed aMilano aAdelphi c1975 a157 p. c18 cm aPiccola bibl. adelphi v32